| 000 | 01440cam a2200349 i 4500 | ||
|---|---|---|---|
| 999 |
_c329896 _d329896 |
||
| 001 | 18154117 | ||
| 003 | NUST | ||
| 005 | 20180117090026.0 | ||
| 008 | 140516s2015 cau b 001 0 eng | ||
| 010 | _a 2014018748 | ||
| 020 | _a9781483365244 (spiral : alk. paper) | ||
| 040 |
_aDLC _beng _cDLC _erda _dDLC |
||
| 042 | _apcc | ||
| 050 | 0 | 0 |
_aH61.28 _b.K78 2015 |
| 082 | 0 | 0 |
_a361.6/1068 _223 |
| 100 | 1 |
_aKrueger, Richard A. _91584 |
|
| 245 | 1 | 0 |
_aFocus groups : _ba practical guide for applied research / _cRichard A. Krueger, University of Minnesota, Professor Emeritus; Mary Anne Casey, Consultant. |
| 250 | _a5th edition. | ||
| 264 | 1 |
_aThousand Oaks, California : _bSAGE, _c[2015] |
|
| 300 |
_axx, 252 pages ; _c23 cm |
||
| 336 |
_atext _btxt _2rdacontent |
||
| 337 |
_aunmediated _bn _2rdamedia |
||
| 338 |
_avolume _bnc _2rdacarrier |
||
| 504 | _aIncludes bibliographical references (pages 246-247) and index. | ||
| 650 | 0 |
_aFocus groups. _91574 |
|
| 650 | 0 |
_aSocial sciences _xMethodology. _91585 |
|
| 700 | 1 |
_aCasey, Mary Anne. _91586 |
|
| 906 |
_a7 _bcbc _corignew _d1 _eecip _f20 _gy-gencatlg |
||
| 942 |
_2ddc _cBK |
||